Les lieux de l'univers d'Harry Potter - Statistiques

Statistiques générales
  • Ce quiz a été pris 24 fois
  • Le résultat moyen est 25 sur 103
Statistiques - réponses
Par images Réponse % Correct
Zoo
91%
4 Privet Drive
82%
Londres
82%
Placard sous l'escalier
68%
Chemin de Traverse
64%
Le Chaudron Baveur
64%
Gringotts
55%
Métro de Londres
45%
Poudlard
45%
Poudlard Express
45%
Cachots / Cours de potions
36%
Cours de métamorphose
36%
La Grande Salle
36%
Le Terrier
36%
Little Whinging
36%
Magicobus
36%
Salle commune de Gryffondor
36%
Salle des trophées
36%
Terrain de Quidditch
36%
Azkaban
32%
Beauxbatons
32%
Chambre des secrets
32%
Cours de sortilèges
32%
Durmstrang
32%
Forêt interdite
32%
La Salle sur Demande
32%
Maison des Potter
32%
Pré-au-lard
32%
Salle commune de Serpentard
32%
Saule Cogneur
32%
Serres / Cours de botanique
32%
Toilettes des filles
32%
12 square Grimmaurd
27%
Allée des Embrumes
27%
Bureau de Dumbledore
27%
Cimetière de Godric's Hollow
27%
Cuisines de Poudlard
27%
Fleury et Bott
27%
Godric's Hollow
27%
Les Trois Balais
27%
Ministère de la magie
27%
Parc de Poudlard / Cours de vol
27%
Salle commune de Poufsouffle
27%
Salle commune de Serdaigle
27%
Tour d'astronomie
27%
Troisième épreuve / Epreuve de Flitwick / Salle des clés
27%
Vestiaires de Quidditch
27%
Voie 9 3/4
27%
Volière
27%
Barjow et Beurk
23%
Cabane Hurlante
23%
Chaumière aux coquillages
23%
Gare de King's Cross
23%
Infirmerie de Poudlard
23%
Maison de Bathilda Tourdesac
23%
Maison des Lovegood
23%
Réserve de la Bibliothèque
23%
Salle de divination
23%
Tête de sanglier
23%
Zonko
23%
Cabane d'Hagrid
18%
Deuxième épreuve / Sous la trappe / Salle avec le filet du diable / Epreuve de Chourave
18%
Forêt de Dean
18%
Gradins
18%
Honeydukes
18%
Hôpital Ste Mangouste
18%
La Caverne
18%
Maison des Gaunt
18%
Manoir Malefoy
18%
Quatrième épreuve / Epreuve de McGonagall / Echiquier géant
18%
Bibliothèque de Poudlard
14%
Cour de Poudlard
14%
Dernière épreuve / Epreuve de Dumbledore / Salle avec le miroir du Rised
14%
Escaliers de Poudlard
14%
Hangar à bateaux
14%
Orphelinat Wool
14%
Salle de bains des préfets
14%
Weasley, Farces pour sorciers facétieux
14%
Camping de la coupe du monde de Quidditch
9%
Couloir du 3ème étage
9%
Lac de Poudlard
9%
Le Cimetière de Little Hangleton
9%
Maison des Granger
9%
Ménagerie magique
9%
Salle au fond du 3ème étage / Première épreuve
9%
Tour de l'horloge
9%
Au Royaume du Hibou
5%
Cromlech
5%
Dortoirs de Gryffondor
5%
Maison de Severus Rogue
5%
Maison des "Jeux-du-sort"
5%
Salon de thé de Madame Pieddodu
5%
Budleigh Babberton
0%
Cabane au sommet du rocher
0%
Cours de DCFM
0%
Glaces Florian Fortarôme
0%
Madame Guipure, prêt-à-porter
0%
Magasin d'Accessoire de Quidditch
0%
Maison de Frank Bryce
0%
Ollivander - Fabriquants de baguettes magiques
0%
Pont couvert
0%
Toilettes des filles du 2nd étage
0%
Viaduc
0%
Aucun quiz correspondant
Distribution des résultats
% des personnes avec chaque résultat
Percentile par nombre de réponses
Votre historique - résultats
Vous n’avez pas pris ce quiz